[Event "Schweinfurt op 26th"]
[Site "Schweinfurt"]
[Date "2016.05.26"]
[Round "2"]
[White "Klonov, Sofia"]
[Black "Engelbrecht, Klaus"]
[Result "0-1"]
[WhiteElo "866"]
[BlackElo "1646"]
[PlyCount "52"]
[EventDate "2016.05.26"]
[EventType "swiss"]
[EventRounds "7"]
[EventCountry "GER"]
[SourceTitle "CBM 172 Extra"]
[Source "ChessBase"]
[SourceDate "2016.06.21"]
[SourceVersion "1"]
[SourceVersionDate "2016.06.21"]
[SourceQuality "1"]

1. e4 Nc6 2. Nf3 d6 3. d4 e5 4. Nc3 Bg4 5. Bb5 Bd7 6. Bg5 Be7 7. 0-0 Nxd4 8. Nxd4 Bxg5 9. Bxd7+ Qxd7 10. Nd5 exd4 11. Qxd4 Bf6 12. Nxf6+ Nxf6 13. e5 dxe5 14. Qxe5+ Qe7 15. Rfe1 Qxe5 16. Rxe5+ Kf8 17. c4 Rd8 18. b4 g6 19. a4 Kg7 20. c5 Nd7 21. Ree1 f6 22. Rac1 Ne5 23. b5 Nd3 24. Re7+ Kf8 25. Rxc7 Nxc1 26. Rxb7 Rd1# 0-1

[Event "Unterfranken-ch HB 62th"]
[Site "Gerolzhofen"]
[Date "2011.04.26"]
[Round "3"]
[White "Lehmann, Andreas1111"]
[Black "Engelbrecht, Klaus"]
[Result "0-1"]
[WhiteElo "943"]
[BlackElo "1252"]
[PlyCount "34"]
[EventDate "2011.04.25"]
[EventType "swiss"]
[EventRounds "9"]
[EventCountry "GER"]
[SourceTitle "EXT 2015"]
[Source "ChessBase"]
[SourceDate "2014.11.20"]
[SourceVersion "1"]
[SourceVersionDate "2014.11.20"]
[SourceQuality "1"]

1. e4 e6 2. Nf3 c5 3. Bc4 Nc6 4. d3 d5 5. exd5 exd5 6. Qe2+ Be6 7. Bb5 Qa5+ 8. Nc3 Nge7 9. Bd2 0-0-0 10. Bxc6 Nxc6 11. 0-0 Qa6 12. Rfe1 Bd6 13. Ng5 Nd4 14. Qd1 h6 15. Nxe6 fxe6 16. Ne2 e5 17. Nxd4 cxd4 0-1

[Event "Unterfranken-ch HT 61th"]
[Site "Kitzingen"]
[Date "2010.04.05"]
[Round "1"]
[White "Werner, Stefan1111"]
[Black "Engelbrecht, Klaus"]
[Result "0-1"]
[WhiteElo "1543"]
[BlackElo "1300"]
[PlyCount "84"]
[EventDate "2010.04.05"]
[EventType "swiss"]
[EventRounds "9"]
[EventCountry "GER"]
[SourceTitle "EXT 2015"]
[Source "ChessBase"]
[SourceDate "2014.11.20"]
[SourceVersion "1"]
[SourceVersionDate "2014.11.20"]
[SourceQuality "1"]

1. c4 e6 2. g3 c6 3. Bg2 Nf6 4. Nc3 Bc5 5. e3 d5 6. d4 Bb4 7. cxd5 Nxd5 8. Nge2 Na6 9. 0-0 Nac7 10. e4 Nxc3 11. bxc3 Be7 12. Rb1 b6 13. a4 Ba6 14. Bf4 Qd7 15. Qc2 Bc4 16. a5 Nb5 17. Bc1 Bxe2 18. Qxe2 Nxc3 19. Qg4 Nxb1 20. Qxg7 Rf8 21. Bh6 Nc3 22. d5 Ne2+ 23. Kh1 Bb4 24. Qb2 Nxg3+ 25. fxg3 Qe7 26. dxc6 Rg8 27. e5 0-0-0 28. axb6 axb6 29. Be3 Kc7 30. Ra1 Ra8 31. Rd1 Rgd8 32. Rd7+ Rxd7 33. cxd7 Ra5 34. Qc1+ Bc5 35. h4 Qxd7 36. Kh2 Qd3 37. Bg5 Qd4 38. Qf1 Qf2 39. Qd1 Bd4 40. Be7 Ra1 41. Bd6+ Kd7 42. Qf3 Rh1+ 0-1

[Event "Schweinfurt op"]
[Site "Schweinfurt"]
[Date "2007.05.19"]
[Round "5"]
[White "Engelbrecht, Klaus"]
[Black "Schmid, Manfred"]
[Result "1-0"]
[WhiteElo "1324"]
[BlackElo "1493"]
[PlyCount "69"]
[EventDate "2007.05.17"]
[EventType "swiss"]
[EventRounds "7"]
[EventCountry "GER"]
[SourceTitle "CBM 118 Extra"]
[Source "ChessBase"]
[SourceDate "2007.07.04"]
[SourceVersion "1"]
[SourceVersionDate "2007.07.04"]
[SourceQuality "1"]

1. e4 c6 2. Nf3 d5 3. exd5 cxd5 4. d4 Bg4 5. Be2 Nf6 6. Nc3 e6 7. h3 Bh5 8. Bg5 Be7 9. a3 Nc6 10. Bb5 0-0 11. Bd3 Qb6 12. g4 Bg6 13. Bxg6 fxg6 14. b4 h6 15. Be3 Qc7 16. g5 Nh7 17. gxh6 gxh6 18. Bxh6 Rf7 19. Qd3 g5 20. Qg6+ Kh8 21. Qxf7 Rg8 22. Qxe6 Nd8 23. Qe5+ Qxe5+ 24. Nxe5 Bf6 25. Nxd5 Bxe5 26. dxe5 Nf7 27. 0-0-0 Nxh6 28. e6 Re8 29. e7 Nf5 30. Rhe1 Kg7 31. Nc7 Rxe7 32. Rxe7+ Nxe7 33. Rd7 Kf7 34. Nd5 Ke6 35. Rxe7+ 1-0

[Event "Unterfranken-ch HT 55th"]
[Site "Bad Koenigshofen"]
[Date "2004.04.17"]
[Round "9"]
[White "Engelbrecht, Klaus"]
[Black "Mueller, Maximilian2222"]
[Result "1-0"]
[WhiteElo "1273"]
[BlackElo "1006"]
[PlyCount "63"]
[EventDate "2004.04.12"]
[EventType "swiss"]
[EventRounds "9"]
[EventCountry "GER"]
[SourceTitle "EXT 2015"]
[Source "ChessBase"]
[SourceDate "2014.11.20"]
[SourceVersion "1"]
[SourceVersionDate "2014.11.20"]
[SourceQuality "1"]

1. e4 e5 2. Nf3 Nc6 3. Bc4 Bc5 4. 0-0 Nf6 5. d3 0-0 6. h3 d6 7. Re1 Bd7 8. Nbd2 Nd4 9. Nxd4 Bxd4 10. c3 Bc5 11. Nb3 Ba4 12. Be3 Bxe3 13. Rxe3 d5 14. exd5 Nxd5 15. Rg3 b5 16. Qg4 g6 17. Bxd5 Qxd5 18. Nd2 Bc2 19. Ne4 Qd8 20. Qe2 Bxd3 21. Rxd3 Qe7 22. Rad1 f5 23. Rd7 Qe6 24. Ng5 Qf6 25. Nxh7 Qe6 26. Nxf8 Rxf8 27. Qxb5 Rf7 28. Qb8+ Kg7 29. Qxc7 Rxd7 30. Rxd7+ Kf6 31. Qd8+ Qe7 32. Qxe7# 1-0

[Event "Unterfranken-ch HB 53th"]
[Site "Wuerzburg"]
[Date "2002.??.??"]
[Round "8"]
[White "Engelbrecht, Klaus"]
[Black "Meyer, Christoph1111"]
[Result "1-0"]
[WhiteElo "1290"]
[BlackElo "1451"]
[PlyCount "95"]
[EventDate "2002.04.01"]
[EventType "swiss"]
[EventRounds "9"]
[EventCountry "GER"]
[SourceTitle "EXT 2015"]
[Source "ChessBase"]
[SourceDate "2014.11.20"]
[SourceVersion "1"]
[SourceVersionDate "2014.11.20"]
[SourceQuality "1"]

1. e4 e5 2. Nf3 Nc6 3. Bb5 Nf6 4. d3 d6 5. 0-0 Be7 6. Nc3 0-0 7. h3 a6 8. Ba4 Be6 9. Bxc6 bxc6 10. Ng5 d5 11. Nxe6 fxe6 12. f4 dxe4 13. fxe5 Qd4+ 14. Kh1 Qxe5 15. Bf4 Qa5 16. Nxe4 Nd5 17. Qg4 Nxf4 18. Rxf4 Rxf4 19. Qxf4 Rf8 20. Qe3 Qe5 21. c3 Bd6 22. g3 Rb8 23. d4 Qh5 24. g4 Qg6 25. b4 Rf8 26. Nxd6 cxd6 27. Qg3 Qe4+ 28. Qg2 Rf3 29. Kh2 Qf4+ 30. Kh1 Rxc3 31. Rf1 Rc1 32. Rxc1 Qxc1+ 33. Kh2 Qf4+ 34. Kh1 Qxd4 35. Qxc6 Qa1+ 36. Kg2 Qxa2+ 37. Kg3 Qb3+ 38. Kh4 g5+ 39. Kxg5 Qd5+ 40. Qxd5 exd5 41. Kf4 Kf7 42. Ke3 Kf6 43. Kd4 Ke6 44. h4 Kd7 45. Kxd5 Ke7 46. g5 Kf7 47. h5 Ke7 48. g6 1-0

[Event "Unterfranken-ch HT 52th"]
[Site "Massbach"]
[Date "2001.??.??"]
[Round "?"]
[White "Reichel, Guenther"]
[Black "Engelbrecht, Klaus"]
[Result "1-0"]
[WhiteElo "1574"]
[BlackElo "1228"]
[PlyCount "42"]
[EventDate "2001.04.16"]
[EventType "swiss"]
[EventRounds "9"]
[EventCountry "GER"]
[SourceTitle "EXT 2015"]
[Source "ChessBase"]
[SourceDate "2014.11.20"]
[SourceVersion "1"]
[SourceVersionDate "2014.11.20"]
[SourceQuality "1"]

1. c4 e6 2. Nc3 Nf6 3. Nf3 c5 4. g3 Nc6 5. d3 Be7 6. Bg2 0-0 7. 0-0 d5 8. cxd5 exd5 9. d4 Be6 10. dxc5 Bxc5 11. Bg5 Be7 12. Rc1 Ne8 13. Bxe7 Nxe7 14. Nd4 Rc8 15. Qd3 Nc6 16. Rfd1 Ne5 17. Qb1 Nc7 18. e4 dxe4 19. Nxe6 Qe7 20. Nxf8 Nf3+ 21. Bxf3 exf3 1-0